000 00360 a2200169 4500
001 192443
020 _a978-85-08-04292-0
040 _cMagnum
100 _aFrança, Mary
240 1 0 _aQue barulho é este?
_lpor
245 1 0 _aQue barulho é este?
300 _a16
362 0 _a1999
440 1 _aÁtica
697 _aLITERATURA INFANTIL
942 _cBK
999 _c192443
_d192443